The innocent man : (Record no. 1281)

MARC details
000 -LEADER
fixed length control field 01123cam a2200289 a 4500
005 - DATE AND TIME OF LATEST TRANSACTION
control field 20260322212054.0
008 - FIXED-LENGTH DATA ELEMENTS--GENERAL INFORMATION
fixed length control field data
010 ## - LIBRARY OF CONGRESS CONTROL NUMBER
LC control number 2006048468
020 ## - INTERNATIONAL STANDARD BOOK NUMBER
International Standard Book Number 0385517238
020 ## - INTERNATIONAL STANDARD BOOK NUMBER
International Standard Book Number 9780385517232
040 ## - CATALOGING SOURCE
Original cataloging agency DLC
Transcribing agency DLC
Modifying agency DLC
-- BAKER
-- GK8
-- OCO
-- WIQ
-- C#P
-- VP@
-- YDXCP
-- DLC
043 ## - GEOGRAPHIC AREA CODE
Geographic area code n-us-ok
050 00 - LIBRARY OF CONGRESS CALL NUMBER
Classification number KF224.W5535
Item number G75 2006
082 00 - DEWEY DECIMAL CLASSIFICATION NUMBER
Classification number 345.766/02523
Edition information 22
001 - CONTROL NUMBER
control field data
100 1# - MAIN ENTRY--PERSONAL NAME
Personal name Grisham, John.
245 14 - TITLE STATEMENT
Title The innocent man :
Remainder of title murder and injustice in a small town /
Statement of responsibility, etc. John Grisham.
260 ## - PUBLICATION, DISTRIBUTION, ETC.
Place of publication, distribution, etc. New York :
Name of publisher, distributor, etc. Doubleday,
Date of publication, distribution, etc. c2006.
300 ## - PHYSICAL DESCRIPTION
Extent 360 p., [8] p. of plates :
Other physical details ill. ;
Dimensions 25 cm.
600 10 - SUBJECT ADDED ENTRY--PERSONAL NAME
Personal name Williamson, Ronald Keith,
Dates associated with a name 1953-2004
Form subdivision Trials, litigation, etc.
650 #0 - SUBJECT ADDED ENTRY--TOPICAL TERM
Topical term or geographic name entry element Trials (Murder)
Geographic subdivision Oklahoma.
650 #0 - SUBJECT ADDED ENTRY--TOPICAL TERM
Topical term or geographic name entry element Judicial error
Geographic subdivision Oklahoma.
650 #0 - SUBJECT ADDED ENTRY--TOPICAL TERM
Topical term or geographic name entry element Capital punishment
Geographic subdivision Oklahoma.
856 42 - ELECTRONIC LOCATION AND ACCESS
Materials specified Contributor biographical information
Uniform Resource Identifier <a href="http://www.loc.gov/catdir/enhancements/fy0661/2006048468-b.html">http://www.loc.gov/catdir/enhancements/fy0661/2006048468-b.html</a>
856 42 - ELECTRONIC LOCATION AND ACCESS
Materials specified Publisher description
Uniform Resource Identifier <a href="http://www.loc.gov/catdir/enhancements/fy0661/2006048468-d.html">http://www.loc.gov/catdir/enhancements/fy0661/2006048468-d.html</a>
856 41 - ELECTRONIC LOCATION AND ACCESS
Materials specified Sample text
Uniform Resource Identifier <a href="http://www.loc.gov/catdir/enhancements/fy0701/2006048468-s.html">http://www.loc.gov/catdir/enhancements/fy0701/2006048468-s.html</a>
Holdings
Withdrawn status Lost status Damaged status Not for loan Home library Current library Shelving location Date acquired Total checkouts Full call number Barcode Date last seen Price effective from Koha item type
        Liberty Liberty General stacks 22/03/2026   345.766/02523 22 BC0011324 22/03/2026 22/03/2026 Books